000 00296nam a22001217a 4500
008 160504b xxu||||| |||| 00| 0 eng d
020 _a9780761987277
020 _a0761987274
041 _aeng
080 _a61
245 _aInvestigating the social world :
_cRussell K.. Schutt;
942 _2udc
_cBK
999 _c1759
_d1759